| 000 | 01324nam a2200301 i 4500 | ||
|---|---|---|---|
| 003 | DO-SdBNP | ||
| 005 | 20240228142353.0 | ||
| 007 | ta | ||
| 008 | 210322b 2020 dr f 00| 0 eng d | ||
| 020 | _a9789945503906 | ||
| 040 |
_aDO-SdBNP _bspa _cBNPHU _erda |
||
| 082 | 4 |
_222 _aRD864.5 _bV865t |
|
| 100 | 1 |
_aVlak, Odilius _975771 |
|
| 245 | 1 | 0 |
_aTinta de plasma / _cOdilius Vlak |
| 264 |
_aSanto Domingo : _bFerilibro, _c2020. |
||
| 300 |
_a117 páginas ; _c21 cm. |
||
| 336 |
_2rdacontent _atexto _btxt |
||
| 337 |
_2rdamedia _asin mediación _bn |
||
| 338 |
_2rdacarrier _avolumen _bnc |
||
| 490 | 0 | _aNarrativa | |
| 500 | _aIncluye datos biográficos del autor en la solapa de la cubierta | ||
| 500 | _aCon el motivo de la 16a. Feria Regional del Libro Bahoruco 2020, el Ministerio de Cultura realizó, a través de la Dirección de las Ferias del Libro, una convocatoria de obras literarias inéditas para las provincias del Sur con la finalidad de publicarlas y, de esta manera, visibilizar las creaciones y los autores de esta región-. Tinta de plasma, de Odilius Vlak, fue una de las escogidas en dicha convocatoria. | ||
| 590 | _aInventariado, 2021 /LP | ||
| 650 | 4 |
_aEnsayos dominicanos _980086 |
|
| 650 | 4 |
_aLiteratura dominicana _980087 |
|
| 910 | _aValidado. Control de validad MFF | ||
| 942 |
_2ddc _cLBS1 |
||
| 999 |
_c49639 _d49639 |
||